| 000 | 02086nam a22002657a 4500 | ||
|---|---|---|---|
| 003 | DO-SdBJH | ||
| 005 | 20260703224003.0 | ||
| 008 | 260703b2025 |||o|||| |||| 00| 0 spa d | ||
| 040 |
_aDO-SdBJH _bspa _cDO-SdBJH |
||
| 041 | 0 | _aspa | |
| 090 |
_aCT CM-0022 _bAMBC 2025 |
||
| 100 | 1 |
_aBeltre Peña, Raymond Abrahan _esustentante |
|
| 245 | 1 | 0 |
_aProyecto de la creación de Centros de Atención Integral para la discapacidad física en beneficios del personal de la Primera Brigada de Infantería del Ejército De la República Dominicana / _cRaymond Abrahán Beltre Peña, Marielys Girón Núñez ; asesor de contenido Glenis Polanco Reyes ; asesor metodológico Reynaldo Cruz Camacho. |
| 260 |
_aSanto Domingo, República Dominicana : _bUNADE, _c2025. |
||
| 300 |
_axvii, 63, [03] páginas : _bfotografías. |
||
| 502 | _aTesis y trabajos de grado (Licenciatura en Ciencias Militares)--Universidad Nacional para la Defensa "General Juan Pablo Duarte y Díez", Academia Militar "Batalla de las Carreras", Santo Domingo, 2025. | ||
| 504 | _aIncluye referencias bibliográficas y anexos. | ||
| 505 | _aFundamentos teóricos, técnicos y legales que sustentan la creación de Centros de Atención Integral para la discapacidad física en el ámbito militar -- Necesidades actuales, factibilidad y pertinencia de establecer Centros de Atención Integral para la Discapacidad Física en el Ejército de la República Dominicana -- Propuesta de creación de Centros de atención integral para la discapacidad física en el Ejército de la República Dominicana. | ||
| 650 | 7 |
_2lemb _aPersonas con discapacidad física _vTesis y disertaciones académicas _xAtención integral de salud _xServicios de salud militar _zRepública Dominicana |
|
| 650 | 7 |
_2lemb _aServicios de salud militar _vTesis y disertaciones académicas _xPlanificación de servicios de salud _xRehabilitación física _zRepública Dominicana |
|
| 700 | 1 |
_aGirón Núñez, Marielys _esustentante |
|
| 700 | 1 |
_aPolanco Reyes, Glenis _easesor de contenido |
|
| 700 | 1 |
_aCruz Camacho, Reynaldo _easesor metodológico |
|
| 942 |
_2CL _cT |
||
| 999 |
_c8756 _d8756 |
||